000
00246nam a2200097Ia 4500
008
220204s9999 xx 000 0 und d
082
_a
058(595)
_b
MAL
245
0
_a
Malaysia yearbook. 1963-64
260
_a
Malaysia
_b
Straits Times
_c
1964
942
_c
BK
999
_c
20537
_d
20537